000
00309nam a22001337a 4500
008
180302b xxu||||| |||| 00| 0 eng d
020
_a
9781564969705
041
_a
eng
080
_a
7
100
_a
44
101
_a
ART
245
_a
Catalog design: the art of creating desire
_c
Edwards,D
942
_2
udc
_c
BK
999
_c
44084
_d
44084